French : (Record no. 1068)
[ view plain ]
| 000 -LEADER | |
|---|---|
| fixed length control field | 00976nam a22003378a 4500 |
| 005 - DATE AND TIME OF LATEST TRANSACTION | |
| control field | 20260322212045.0 |
| 008 - FIXED-LENGTH DATA ELEMENTS--GENERAL INFORMATION | |
| fixed length control field | data |
| 015 ## - NATIONAL BIBLIOGRAPHY NUMBER | |
| National bibliography number | GBA797761 |
| Source | bnb |
| 016 7# - NATIONAL BIBLIOGRAPHIC AGENCY CONTROL NUMBER | |
| Record control number | 014458865 |
| Source | Uk |
| 020 ## - INTERNATIONAL STANDARD BOOK NUMBER | |
| International Standard Book Number | 9781740599795 (pbk.) |
| 020 ## - INTERNATIONAL STANDARD BOOK NUMBER | |
| International Standard Book Number | 1740599799 (pbk.) |
| 040 ## - CATALOGING SOURCE | |
| Original cataloging agency | UKM |
| Transcribing agency | UKM |
| Modifying agency | MYG |
| -- | BTCTA |
| -- | YDXCP |
| -- | QBX |
| -- | MYG |
| 041 0# - LANGUAGE CODE | |
| Language code of text/sound track or separate title | fre |
| -- | fre |
| 050 #4 - LIBRARY OF CONGRESS CALL NUMBER | |
| Classification number | PC2121.J364 2008 |
| 082 04 - DEWEY DECIMAL CLASSIFICATION NUMBER | |
| Classification number | 448.3421 |
| Edition information | 22 |
| 092 ## - LOCALLY ASSIGNED DEWEY CALL NUMBER (OCLC) | |
| Classification number | 448.3421 J364 2008 REF |
| 001 - CONTROL NUMBER | |
| control field | data |
| 245 10 - TITLE STATEMENT | |
| Title | French : |
| Remainder of title | with 3500-word two-way dictionary |
| 250 ## - EDITION STATEMENT | |
| Edition statement | 3rd ed. |
| 260 ## - PUBLICATION, DISTRIBUTION, ETC. | |
| Place of publication, distribution, etc. | London : |
| -- | London : |
| Name of publisher, distributor, etc. | Lonely Planet, |
| Date of publication, distribution, etc. | 2008. |
| 300 ## - PHYSICAL DESCRIPTION | |
| Extent | 258 p. : |
| Other physical details | ill. ; |
| Dimensions | 14 cm. |
| 336 ## - CONTENT TYPE | |
| Content type term | text |
| Content type code | txt |
| Source | rdacontent |
| 337 ## - MEDIA TYPE | |
| Media type term | unmediated |
| Media type code | n |
| Source | rdamedia |
| 338 ## - CARRIER TYPE | |
| Carrier type term | volume |
| Carrier type code | nc |
| Source | rdacarrier |
| 490 1# - SERIES STATEMENT | |
| Series statement | Lonely Planet phrasebooks |
| 500 ## - GENERAL NOTE | |
| General note | Previous ed.: 2003. |
| 650 #0 - SUBJECT ADDED ENTRY--TOPICAL TERM | |
| Topical term or geographic name entry element | French language |
| Form subdivision | Conversation and phrase books |
| General subdivision | English. |
| 655 #7 - INDEX TERM--GENRE/FORM | |
| Genre/form data or focus term | Phrase books. |
| Source of term | lcgft |
| 830 #0 - SERIES ADDED ENTRY--UNIFORM TITLE | |
| Uniform title | Lonely Planet phrasebooks. |
| Withdrawn status | Lost status | Damaged status | Not for loan | Home library | Current library | Shelving location | Date acquired | Total checkouts | Full call number | Barcode | Date last seen | Price effective from | Koha item type |
|---|---|---|---|---|---|---|---|---|---|---|---|---|---|
| Centerville | Centerville | General stacks | 22/03/2026 | 448.3421 22 | BC0011102 | 22/03/2026 | 22/03/2026 | Books |